000 01216nam0a2200337 4500
001 RU\NLR\bibl\107608
005 20250617090436.0
010 _a5-272-00095-1
_925000
021 _aRU
_b2000-14817
_9719
035 _a(NLR Aleph) 000105320
090 _a596066
_c596065
100 _a20000912d2000 |||y0rusy50 ca
101 0 _arus
102 _aRU
105 _ay |||||||||
200 1 _aШаги к долголетию
_fБорис Болотов
210 _aСПб. и др.
_cПитер
_d2000
215 _a120,[2] с.
_d20
225 1 _aСерия "Исцели себя сам"
300 _aНа обороте тит.л. авт.: акад. Б.В. Болотов
606 0 _aПожилые и старые люди
_xГигиена
_91930580
_3RU\NLR\auth\66881471
606 0 _aЖизнь
_xПродление
_xВлияние нетрадиционной терапии
_92479163
_3RU\NLR\auth\661471854
686 _aР358.9
686 _aР120.492
700 1 _aБолотов
_bБ. В.
_gБорис Васильевич
_4070
801 0 _aRU
_bNLR
_c20000912
_gPSBO
801 1 _aRU
_bNLR
_c20000912
852 _aNLR
_j2000-3/9186
942 _cBOOK
980 _aNB